000
00346nam a2200145Ia 4500
008
230718s9999 xx 000 0 und d
041
_a
Eng.
082
_a
347.05
_b
ABB-I
100
_a
Abbas, Sayed Mlaveed
245
0
_a
ine Cade of cive Procter
260
_a
Pakistan
_b
Pay'at low bazie
_c
2013
300
_a
515
650
_a
Law
999
_c
29032
_d
29032